La fabrique des pédagogues : (notice nᵒ 11529)
[ vue normale ]
| 000 -LEADER | |
|---|---|
| fixed length control field | 02693 a2200349 4500 |
| 001 - CONTROL NUMBER | |
| control field | OB-pur-135111 |
| 003 - CONTROL NUMBER IDENTIFIER | |
| control field | FrMaCLE |
| 005 - DATE AND TIME OF LATEST TRANSACTION | |
| control field | 20251214082750.0 |
| 007 - PHYSICAL DESCRIPTION FIXED FIELD--GENERAL INFORMATION | |
| fixed length control field | cu ||||||m|||| |
| 008 - FIXED-LENGTH DATA ELEMENTS--GENERAL INFORMATION | |
| fixed length control field | 190827e||||||||xx |||||s|||||||||0|fr|d |
| 020 ## - INTERNATIONAL STANDARD BOOK NUMBER | |
| International Standard Book Number | 978-2-7535-6919-5 |
| 024 7# - OTHER STANDARD IDENTIFIER | |
| Standard number or code | 10.4000/books.pur.135111 |
| Source of number or code | doi |
| 040 ## - CATALOGING SOURCE | |
| Original cataloging agency | FR-FrMaCLE |
| 041 ## - LANGUAGE CODE | |
| Language code of text/sound track or separate title | fra |
| 100 1# - MAIN ENTRY--PERSONAL NAME | |
| Personal name | Palluau, Nicolas |
| 245 13 - TITLE STATEMENT | |
| Title | La fabrique des pédagogues : |
| Remainder of title | Encadrer les colonies de vacances. 1919-1939 / |
| Statement of responsibility, etc. | Nicolas Palluau. |
| 260 ## - PUBLICATION, DISTRIBUTION, ETC. | |
| Place of publication, distribution, etc. | Rennes : |
| Name of publisher, distributor, etc. | Presses universitaires de Rennes, |
| Date of publication, distribution, etc. | 2019. |
| 300 ## - PHYSICAL DESCRIPTION | |
| Extent | 344 p. |
| 500 ## - GENERAL NOTE | |
| General note | Ebook |
| 520 ## - SUMMARY, ETC. | |
| Summary, etc. | Le stage : entre les deux guerres, la formation des cadres scouts se diffuse aussi dans les colonies de vacances. Mais comment cette pratique inédite atteint-elle l’école ? Ce livre analyse la politique de formation d’une association, les Éclaireurs de France. Après le premier conflit mondial, ils reçoivent des Américains le château de Cappy (Picardie). Dans leur camp-école, chefs et cheftaines apprennent à dresser des tentes, animer des veillées et des exercices physiques. Ils bâtiront avec ferveur la cité fraternelle des jeunes campeurs pour préparer « des citoyens actifs, joyeux et utiles » (Baden-Powell). Si l’objectif est pédagogique, le camp est aussi un projet social. Il cherche les éducateurs dans tous les milieux où il est possible de recruter les élites. Par les écoles normales, l’instituteur-chef Éclaireur devient le pédagogue idéal. Cette socio-pédagogie rencontre les colonies de vacances et la politique publique des loisirs. Quel moniteur former ? Quel rôle donner aux jeux ou au « climat familial » pour édifier l’enfance heureuse ? L’ouvrage interroge une densité aujourd’hui oubliée, la dynamique initiée par les réformateurs sociaux pour ouvrir l’enseignement sur la vie. Il montre comment, en 1937, Éclaireurs, hygiénistes et enseignants rallient les maîtres pour former les moniteurs de colonies de vacances. Le livre en restitue la cristallisation lors des premiers stages des Centres d’entraînement aux méthodes d’éducation active (CEMEA). Le livre invite ainsi à repenser l’interaction entre l’école et sa périphérie. |
| 540 ## - TERMS GOVERNING USE AND REPRODUCTION NOTE | |
| Terms governing use and reproduction | OpenEdition Books License |
| Uniform Resource Identifier | <a href="https://www.openedition.org/12554">https://www.openedition.org/12554</a> |
| 650 #4 - SUBJECT ADDED ENTRY--TOPICAL TERM | |
| Topical term or geographic name entry element | Education & Educational Research |
| Topical term or geographic name entry element | History |
| Topical term or geographic name entry element | pédagogie |
| Topical term or geographic name entry element | colonie de vacances |
| Topical term or geographic name entry element | famille |
| Topical term or geographic name entry element | scolarité |
| Topical term or geographic name entry element | éclaireur |
| 760 0# - MAIN SERIES ENTRY | |
| International Standard Serial Number | 2111-496X |
| 776 ## - ADDITIONAL PHYSICAL FORM ENTRY | |
| International Standard Book Number | 978-2-7535-2175-9 |
| 856 4# - ELECTRONIC LOCATION AND ACCESS | |
| Data provenance | Palluau, Nicolas |
| Uniform Resource Identifier | <a href="https://books.openedition.org/pur/135111">https://books.openedition.org/pur/135111</a> |
| Link text | La fabrique des pédagogues |
Pas d'exemplaire disponible.
